مینا ر فکر و فن معراج احمد معراج / (Record no. 194195)

MARC details
000 -LEADER
fixed length control field 00698nam a22001937a 4500
005 - DATE AND TIME OF LATEST TRANSACTION
control field 20221209122021.0
010 ## - LCCN (DPL NO)
LC control number UR-11783
020 ## - INTERNATIONAL STANDARD BOOK NUMBER
International Standard Book Number 9789393785077
Terms of availability 300.00
035 ## - SYSTEM CONTROL NUMBER
System control number U-10338
037 ## - SOURCE OF ACQUISITION
Source of stock number/acquisition DBAD/PUB
Stock number -
082 ## - DEWEY DECIMAL CLASSIFICATION NUMBER
Classification number 840.8
245 ## - TITLE STATEMENT
Title مینا ر فکر و فن معراج احمد معراج /
Statement of responsibility, etc مرتب - شاذ یہ فخر
Medium ا ر د و
246 ## - VARYING FORM OF TITLE
Title proper/short title Minar-e-Fikr o Fan Meraj Ahmad Meraj /
Remainder of title ed. by Shazia Fakhar
260 ## - PUBLICATION, DISTRIBUTION, ETC. (IMPRINT)
Place of publication, distribution, etc New Delhi
Name of publisher, distributor, etc Educational Publishing House
Date of publication, distribution, etc 2021 ء
270 ## - ADDRESS
Address H.o. D1/16, Ansari Road, Darya Ganj
City New Delhi
Postal code 110002
300 ## - PHYSICAL DESCRIPTION
Extent 224 ص
Dimensions 23cm(Hb)
700 ## - ADDED ENTRY--PERSONAL NAME
Personal name مرتب - شاذ یہ فخر
942 ## - ADDED ENTRY ELEMENTS (KOHA)
Source of classification or shelving scheme Dewey Decimal Classification
Item type Urdu Bks
Classification part 840.8
Call number suffix ش ا ذ
Holdings
Withdrawn status Lost status Not for loan Collection code Home library Current library Date acquired Source of acquisition Cost, normal purchase price Full call number Barcode Copy number Cost, replacement price Koha item type
      Non-fiction Central Library Central Library 09/12/2022 DBAD/PUB 300.00 840.8 ش ا ذ U-10338 1 300.00 Urdu Bks

© Delhi Public Library
Hit Counter
free hit counter